00672 2200193 4500001002100000005001700021008004100038035002400079082001100103090002000114100001800134245013700152260007300289300003800362504002700400650001700427700001600444990001800460YOGYA-0213000000114820130227090602.0 ind  0010-021300000001148 a344.01 aSK 344.01 Icu P aICUK SUGIARTO aPengetahuan hukum pekerja rumah tangga sebagai subyek hukum ketenagakerjaan di Kabupaten Sleman /penyusun Icuk Sugiarto, Abdul Malik aYogyakartabFakultas Hukum Universitas Muhammadiyah Yogyakartac2004 aix, 64(17) lbrbilus, lampc29 cm aBibliografi: lbr 62-63 aTenaga kerja aAbdul Malik a44498-PD/A.12